Trends in Statistical Codicology.

Bibliographic Details
Main Author: Maniaci, Marilena.
Format: eBook
Language:English
Published: Berlin/Boston : Walter de Gruyter GmbH, 2021.
Edition:1st ed.
Series:Studies in Manuscript Cultures Series
Subjects:
Online Access:Click to View
LEADER 01478nam a22003613i 4500
001 EBC7015053
003 MiAaPQ
005 20240729202203.0
006 m o d |
007 cr cnu||||||||
008 240729s2021 xx o ||||0 eng d
020 |a 9783110743838  |q (electronic bk.) 
035 |a (MiAaPQ)EBC7015053 
035 |a (Au-PeEL)EBL7015053 
035 |a (OCoLC)1286808477 
040 |a MiAaPQ  |b eng  |e rda  |e pn  |c MiAaPQ  |d MiAaPQ 
100 1 |a Maniaci, Marilena. 
245 1 0 |a Trends in Statistical Codicology. 
250 |a 1st ed. 
264 1 |a Berlin/Boston :  |b Walter de Gruyter GmbH,  |c 2021. 
264 4 |c Ã2022. 
300 |a 1 online resource (780 pages) 
336 |a text  |b txt  |2 rdacontent 
337 |a computer  |b c  |2 rdamedia 
338 |a online resource  |b cr  |2 rdacarrier 
490 1 |a Studies in Manuscript Cultures Series ;  |v v.19 
588 |a Description based on publisher supplied metadata and other sources. 
590 |a Electronic reproduction. Ann Arbor, Michigan : ProQuest Ebook Central, 2024. Available via World Wide Web. Access may be limited to ProQuest Ebook Central affiliated libraries.  
655 4 |a Electronic books. 
776 0 8 |i Print version:  |a Maniaci, Marilena  |t Trends in Statistical Codicology  |d Berlin/Boston : Walter de Gruyter GmbH,c2021 
797 2 |a ProQuest (Firm) 
830 0 |a Studies in Manuscript Cultures Series 
856 4 0 |u https://ebookcentral.proquest.com/lib/matrademy/detail.action?docID=7015053  |z Click to View